01699nam a2200361 i 4500003000900000005001700009008004100026017001200067020001800079040004600097041000800143082003000151092000700181099003900188100004800227245013700275264007500412300003100487336002200518337002400540338003300564504010800597546004100705650007600746650005300822651001000875856005700885905000700942942001900949999001700968952017600985952017601161EG-GICUC20260121101538.0251225s2016 ua ||||fr||| 0||| ||ara|d a2015795 a9789777292108 a EG-GICUCbarac EG-GICUCd EG-GICUCerda0 aara04221a345.249bأ ح . ر04221 aLaw1 07 345.249 أ ح . ر 20160 aأحمد دلاور احمدeمؤلف.12aالرقابة الادارية والمالية على الادارة :bدراسة مقارنة /cأحمد دلاور احمد. 1aالاسكندرية : bدار الجامعة الجديدة،c2016. a285 صفحة ؛ c24 سم. 2rda contentatext 2rda mediaaComputer 2rda carrieraOnline Resource aيحتوي على ارجاعات ببليوجرافية يحتوي على قائمة بالمراجع aالنص باللغة العربية14aالرقابة الإداريةxالقانون الاداري2qrmak14aالرقابة الادارية والمالية1 2qrmak40uhttps://fll.law.cu.edu.eg/fulltext/bks/B07-01856.pdf a75 2ddccBKe21n0 c52517d52517 00102ddc40718القانون الإداريaCUbLAW1d2025-12-25l0oLaw1 07 345.249 أ ح . ر 2016 0701856 C1pB07-01856r2025-12-25 11:25:00t1w2025-12-25yBK 00102ddc40708القانون الإداريaCUbLAW1d2025-12-25l0oLaw1 07 345.249 أ ح . ر 2016 0701857 C2pB07-01857r2025-12-25 11:26:00t2w2025-12-25yBK